000 00650cam a2200181 i 4500
005 20251108171830.0
008 250721s2002 jo gr 000 0 ara d
082 1 4 _a402
_bب ا ق
100 1 _aباقر، مرتضى جواد
_eمؤلف.
245 1 0 _aمقدمة في نظرية القواعد التوليدية /
_cتأليف د. مرتضى جواد باقر.
250 _aالطبعة الأولى.
264 1 _aعمان :
_bدار الشرق للنشر و التوزيع،
_c2002.
300 _a244 صفحة.
650 1 7 _aاللسانيات.
650 1 7 _aاللغة العربية.
942 _2ddc
_cBK
999 _c63742
_d63742